World War II Fighters - Statistics

General Stats
  • This quiz has been taken 81 times
    52 since last reset
  • The average score is 18 of 36
Answer Stats
Picture Answer % Correct
Hurricane
97%
Spitfire
97%
A6M Zero
90%
P-51 Mustang
90%
F4U Corsair
83%
Me 262
80%
P47 Thunderbolt
80%
FW190
77%
P38 Lightning
73%
Me 109
70%
F6F-3 Hellcat
67%
P-40 Warhawk
63%
Typhoon
60%
F4F Wildcat
57%
Tempest
57%
Yak3
57%
Me 163
53%
P-39 Airacobra
47%
P-61 Black Widow
47%
Me 410
43%
F2A-3 Buffalo
40%
Gloster Meteor
40%
Mig-3
37%
CAC Boomerang
30%
P-36 Hawk
30%
Firefly
27%
LaGG-3
27%
Sea Fury
27%
I-16
23%
Heinkel He-162
20%
Macchi C.202
20%
Ki-100
17%
Fokker D.XXI
13%
Fiat G.50
10%
IAR 80
10%
PZL P.11
7%
No matching quizzes found
Score Distribution
Percent of People with Each Score
Percentile by Number Answered
Your Score History
You have not taken this quiz since the last reset